LEADER 01134nam a2200253 i 4500 001 000000133414 003 CaOOAMICUS 005 20050128000000.0 008 050128s2004 it u000 u ita u 013 $a106433 020 $a88-17-00460-X 040 $aSeMil$bita 100 1 $aGiussani, Luigi,$c.$0(OLS)http://semarc/name/1272 245 13$aUn caffè in compagnia :$bconversazioni sul presente e sul destino /$cLuigi Giussani con Renato Farina. 260 $aMilano :$bRizzoli,$cCopyr. 2004. 300 $a187 p. ;$c19 cm. 650 4$aGiussani, Luigi - Interviste.$0(OLS)http://semarc/subject/14956 700 1 $aFarina, Renato,$d<1954- >.$0(OLS)http://semarc/name/54719 850 $aSeMil 852 $aSeMil$W1$xVenegono$y1$m2D I 58$j87256$B87256$CSeMilBibl$Z2$F92540 $81 961 $aAcquisto: Mescat 996 $6020$a88-17-00460-X$9(OLS)http://semarc/number/120557 996 $6245$aUn caffè in compagnia :$bconversazioni sul presente e sul destino$9(OLS)http://semarc/title/195534 996 $6260$aMilano :$bRizzoli$9(OLS)http://semarc/publisher/29824 LEADER 00950nam a2200241 i 4500 001 000000083036 003 CaOOAMICUS 005 20180502000000.0 008 180502s2008 it u000 u ita u 013 $a55276 020 $a978-88-834-0418-4 040 $aSeMil$bita 245 10$aMondiali Varese 2008 :$blibro d'Oro /$cFoto di Giorgio Lotti. 260 $aVarese :$bMacchione,$c2008. 300 $a159 p. :$bill. ;$c27 cm. 650 4$aCiclismo - Varese - 2008 - Fotografie.$0(OLS)http://semarc/subject/45622 700 1 $aLotti, Giorgio.$0(OLS)http://semarc/name/54177 850 $aSeMil 852 $aSeMil$W1$xVenegono$y1$m3XD V 13$j47760$B47760$CSeMilBibl$Z2$F50635 $81 961 $aOmaggio: Altro 996 $6020$a978-88-834-0418-4$9(OLS)http://semarc/number/271490 996 $6245$aMondiali Varese 2008 :$blibro d'Oro$9(OLS)http://semarc/title/405379 996 $6260$aVarese :$bMacchione$9(OLS)http://semarc/publisher/34285